| 000 | 00679nam a2200217Ia 4500 | ||
|---|---|---|---|
| 001 | 19828 | ||
| 003 | GE_BSU | ||
| 008 | 181216s||||||||xx |||||||||||||| ||und|| | ||
| 040 | _cGE_BSU | ||
| 245 | _aНовая и новейшая история №6 Ноябрь-Декабрь 2016 | ||
| 245 | _cГлавный ред:В.В Согорин, и др | ||
| 260 | _aМосква | ||
| 260 | _bНаука | ||
| 260 | _c2016 | ||
| 300 | _a224стр. 26см. | ||
| 653 | _aИстория | ||
| 653 | _aНовая и новейшая история №6 Ноябрь-Декабрь 2016 | ||
| 653 | _aПериодика | ||
| 653 | _aპერიოდიკა | ||
| 942 | _cCR | ||
| 999 |
_c52798 _d52798 |
||